Statistiques concernant Harry Potter: Zonko

Cliquez ici pour prendre le quiz!

Statistiques générales

  • Ce quiz a été pris 42 fois
  • Le résultat moyen est 7 sur 11

Statistiques - réponses

InformationRéponses% Correct
Dernière apparitionHarry Potter et le Prince de Sang-Mêlé
97%
Première apparitionHarry Potter et le Prisonnier d'Azkaban
97%
PaysRoyaume uni
97%
VillePré-au-Lard
88%
FonctionCommerce
82%
NationEcosse
82%
SpécialitéFarces et attrapes
79%
Produit venduBombabouses
18%
Produit venduTasse à Thé mordeuse
12%
Produit venduBonbons à Hoquet
9%
Produit venduSavons sauteurs
9%

Distribution des résultats

Percentile par nombre de réponses

% des personnes avec chaque résultat

Votre développement - résultats

Vous n’avez pas pris ce quiz